Pittsburgh Steelers Head Coaches by Picture - Statistics

General Stats
  • This quiz has been taken 29 times
  • The average score is 3 of 13
Answer Stats
Picture Hint Answer % Correct
2007-Present Mike Tomlin
96%
1969-1991 Chuck Noll
82%
1992-2006 Bill Cowher
75%
1966-1968 Bill Austin
7%
1957-1964 Buddy Parker
4%
1946-1947 Jock Sutherland
4%
1939-1940 | 1941-1944 | 1954-1956 Walt Kiesling
4%
1941 Aldo Donelli
0%
1941 Bert Bell
0%
1933 Forrest Douds
0%
1935-1936 | 1952-1953 Joe Bach
0%
1948-1951 John Michelosen
0%
1937-1939 Johnny 'Blood' McNally
0%
No matching quizzes found
Score Distribution
Percent of People with Each Score
Percentile by Number Answered
Your Score History
You have not taken this quiz